00491nam a2200169Ia 4500999001700000003000400017005001700021008004100038040000900079082001800088100002300106245007500129260002800204300000900232650003700241942004300278 c35386d35386OSt20201211135424.0190216s9999||||xx |||||||||||||| ||und|| coclc a574.92bABE/T aAbe, Muneaki97411 4aThe Children`s Treasury Of Knowledge :bUnderwater Life /cMuneaki Abe bTime Life Books,c1979. a111p aChildren`S Treasury Of Knowledge cREF2ddch574.92iABE/Tk574.92mABE/T